000 00648nam a2200241Ia 4500
003 OSt
005 20220918213740.0
006 a|||||r|||| 00| 0
007 ta
008 220917b |||||||| |||| 00| 0 eng d
024 _a134,091
037 _cTextual
040 _aARTS
_cARTS
_beng
041 _2eng
_aeng
082 _aX8(A).55vN4, M5
100 _aGillingham John
_9123012
245 0 _aIndustry and politics in the third reich
260 _aLondon
_bMebhurn
_c1985
300 _axii, 183p.
_ccm.
650 _aECONOMICS
942 _hX8(A).55vN4, M5
_cTEXL
_2CC
999 _c257195
_d257195